[Event "RSA-ch U12 Girls"]
[Site "Bloemfontein"]
[Date "2016.03.24"]
[Round "8"]
[White "Schonken, Christina"]
[Black "Bhila, Lindokuhle Adorabel"]
[Result "0-1"]
[WhiteElo "1097"]
[BlackElo "1168"]
[PlyCount "112"]
[EventDate "2016.03.20"]
[EventType "swiss"]
[EventRounds "11"]
[EventCountry "RSA"]
[SourceTitle "CBM 171 Extra"]
[Source "ChessBase"]
[SourceDate "2016.04.26"]
[SourceVersion "1"]
[SourceVersionDate "2016.04.26"]
[SourceQuality "1"]

1. f4 Nc6 2. Nf3 d5 3. e3 Nf6 4. Bb5 Bd7 5. Bxc6 Bxc6 6. Nc3 e6 7. Ne5 Qd6 8. d3 Nd7 9. Nxc6 Qxc6 10. a3 Be7 11. g3 d4 12. Ne4 f5 13. Nf2 Bc5 14. Qh5+ g6 15. Qe2 0-0-0 16. Bd2 Qb6 17. Bb4 Bxb4+ 18. axb4 Qxb4+ 19. Qd2 Qxd2+ 20. Kxd2 dxe3+ 21. Kxe3 a6 22. g4 Rhe8 23. gxf5 exf5+ 24. Kd2 Re7 25. Rhe1 Rde8 26. Rxe7 Rxe7 27. Nh3 Nf6 28. c4 Ng4 29. Rh1 h6 30. Rg1 Re6 31. Kc3 Nxh2 32. Nf2 Nf3 33. Rg3 Nh4 34. Kd4 Re2 35. Rh3 Rxf2 36. Rxh4 h5 37. b3 Re2 38. b4 Kd7 39. c5 Kc6 40. Kc4 b5+ 41. Kb3 Rg2 42. Kc3 Rg4 43. Rxg4 fxg4 44. Kd2 Kd5 45. Ke3 h4 46. Kf2 Kd4 47. Kg2 Kxd3 48. Kh2 Ke3 49. Kg2 Kxf4 50. c6 h3+ 51. Kg1 Kf3 52. Kh1 Kf2 53. Kh2 g3+ 54. Kh1 g2+ 55. Kh2 g1Q+ 56. Kxh3 Qg3# 0-1

[Event "RSA-ch U12 Girls"]
[Site "Bloemfontein"]
[Date "2016.03.22"]
[Round "5"]
[White "Bhila, Lindokuhle Adorabel"]
[Black "Buitendag, Nanique"]
[Result "0-1"]
[WhiteElo "1168"]
[BlackElo "1093"]
[PlyCount "64"]
[EventDate "2016.03.20"]
[EventType "swiss"]
[EventRounds "11"]
[EventCountry "RSA"]
[SourceTitle "CBM 171 Extra"]
[Source "ChessBase"]
[SourceDate "2016.04.26"]
[SourceVersion "1"]
[SourceVersionDate "2016.04.26"]
[SourceQuality "1"]

1. e4 e5 2. Nf3 Nc6 3. Bc4 Bc5 4. d3 h6 5. Nc3 Nf6 6. 0-0 0-0 7. h3 d6 8. Qe2 Be6 9. Bxe6 fxe6 10. Be3 Bb6 11. Bxb6 axb6 12. a3 Nd4 13. Nxd4 exd4 14. Nb5 c6 15. Nxd4 Qd7 16. Rfe1 Ra5 17. b4 Rg5 18. Nf3 Rg6 19. e5 Nh5 20. Nh4 Nf4 21. Qe3 Rg5 22. exd6 Qxd6 23. g3 Nxh3+ 24. Kh2 Nxf2 25. Qxe6+ Qxe6 26. Rxe6 Ng4+ 27. Kh3 Rf2 28. Ng2 Rxc2 29. Re7 Nf2+ 30. Kh4 Kh7 31. Rxb7 Re2 32. Nf4 Rg4+ 0-1